|
|
|
|
| LEADER |
00000nam a2200000 a 4500 |
| 001 |
vtls008297898 |
| 003 |
SK-MaSNL |
| 005 |
20260224115327.0 |
| 008 |
130117s xo u 000 0 slo |
| 015 |
|
|
|a SNBN2013
|
| 040 |
|
|
|a SNK
|b slo
|c SNK
|e AACR2
|
| 245 |
0 |
0 |
|a STN EN ISO Stomatológia. Systém číselného kódovania rotačných nástrojov
|n Časť 2
|p Tvary
|
| 260 |
|
|
|a Bratislava
|b Slovenský ústav technickej normalizácie
|c 2005
|
| 300 |
|
|
|a 68 s.
|
| 999 |
|
|
|c 992321
|d 994251
|
| 952 |
|
|
|a SNK
|b SNK
|y PREZ
|7 0
|p 17A0484362
|o snkSTN EN ISO 6360-2
|i snk2005/15579
|8 0
|0 0
|1 0
|4 0
|d 2005-09-16
|l 0
|r 2026-02-24 11:53:27
|w 2026-02-24
|
| 952 |
|
|
|a SNK
|b SNK
|y PREZ
|7 0
|p 17A0484363
|o snkSTN EN ISO 6360-2 D1
|i snk2005/15580
|8 0
|0 0
|1 0
|4 0
|d 2005-09-16
|l 0
|r 2026-02-24 11:53:27
|w 2026-02-24
|